| 000 | 02463nam a2200433 c 4500 | ||
|---|---|---|---|
| 003 | BLK | ||
| 005 | 20241216112108.0 | ||
| 008 | 180411b bul|||||r ||||||| ||bul|| | ||
| 010 | _aKNG00185480000 | ||
| 020 |
_a978-954-533-147-3 _bиздат.: Кралица МАБ |
||
| 040 | _aBLK | ||
| 041 |
_aBUL _cBUL |
||
| 072 | 7 |
_2bullib _aН82 _xЛитературознание Н |
|
| 080 |
_aБългарска литература _b821.163.2 _x-1.09(062.2) _z821.163.2-1.09(062.2) |
||
| 700 |
_aДойнов, Пламен Иванов _9369012 |
||
| 700 | 1 |
_aСтанков, Иван Герасимов _eсъстав. _9364794 |
|
| 710 | 1 |
_aНаучна конф. "Тихата" лирика в българската литература : от дискриминацията до канонизацията. В. Търново _9340795 |
|
| 139 |
_a"Тихата лирика" в българската литература _bТ 60 |
||
| 245 | 1 | 0 |
_a"Тихата лирика" в българската литература _bТекстове от научн. конф. "Тихата лирика в бълг. лит.: от дискриминацията до канонизацията, 24 и 25 апр. 2015 г., В. Търново _cсъстав. Пламен Иванов Дойнов; състав. Иван Герасимов Станков. |
| 257 | _aBGR | ||
| 260 |
_аВ. Търново _bКралица МАБ _c2015 _fСофия : Планета 3 |
||
| 300 |
_a388 с. _c20 см |
||
| 380 | _a82 | ||
| 490 | 1 |
_aПоредица Литературата на НРБ : история и теория _vКн. 12 |
|
| 500 | _aИзд. на НБУ. Департамент Нова българистика, Унив. Св. св. Кирил и Методий. Кат. Бълг. лит. - В. Търново. - Библиогр. след отд. статии. | ||
| 650 | 4 |
_aПоезия, българска - история и критика _9243651 |
|
| 651 | 4 |
_aБългария _9241624 |
|
| 653 | _aбългарска поезия | ||
| 653 | _aлитературна критика | ||
| 653 | _aлитературни анализи | ||
| 653 | _aконференции | ||
| 659 | _aН | ||
| 852 | _aЦб 278582 | ||
| 856 | 4 |
_qpdf _u |
|
| 856 | 4 |
_qpdf _u |
|
| 942 |
_cKNG _n0 _01 |
||
| 944 |
_aCR _c12.12.2015 _lКети Илиева _k30550 |
||
| 944 |
_aED _c25.03.2016 _lф / _kЛюдмила_Стоянова |
||
| 999 |
_c176850 _d176850 |
||